Internet tham khảo toàn diện = The Internet Complete reference /
Giới thiệu về Internet. Tìm hiểu về Internet: mạng máy tính, các Host, Terminal, hệ thống Client/Server, X WWindow, X Client, 4 dịch vụ quan trọng trong Internet, lướt qua các tài nguyên của Internet.
Đã lưu trong:
| 主要作者: | |
|---|---|
| 其他作者: | |
| 格式: | 图书 |
| 语言: | Vietnamese |
| 出版: |
Tp.HCM :
Thống kê,
1999.
|
| 主题: | |
| 标签: |
添加标签
没有标签, 成为第一个标记此记录!
|
| Thư viện lưu trữ: | Mạng thư viện Đại học Đà Nẵng |
|---|
| LEADER | 01453cam a2200397 a 4500 | ||
|---|---|---|---|
| 001 | 000043074 | ||
| 003 | 949 | ||
| 005 | 20060613160504.0 | ||
| 008 | 010217b1999 vm 000 vie | ||
| 020 | |c 50000 | ||
| 040 | |a IRC |c IRC |d IRC | ||
| 041 | 1 | |a vie | |
| 082 | 1 | 4 | |a 004.678 |b HA-H |
| 100 | 1 | |a Hahn, Harley. | |
| 245 | 1 | 0 | |a Internet tham khảo toàn diện = |b The Internet Complete reference / |c Harley Hahn, Rick Stout. |
| 246 | 0 | 1 | |a The Internet Complete reference. |
| 260 | |a Tp.HCM : |b Thống kê, |c 1999. | ||
| 300 | |a 768 tr. ; |c 24 cm. | ||
| 520 | 3 | |a Giới thiệu về Internet. Tìm hiểu về Internet: mạng máy tính, các Host, Terminal, hệ thống Client/Server, X WWindow, X Client, 4 dịch vụ quan trọng trong Internet, lướt qua các tài nguyên của Internet. | |
| 630 | 0 | 4 | |a Tin học. |
| 630 | 0 | 4 | |a Computer. |
| 630 | 0 | 4 | |a Internet. |
| 650 | 0 | 4 | |a Internet (Mạng máy tính) |
| 700 | 1 | |a Stout, Rick. | |
| OWN | |a DUT | ||
| AVA | |a UDN50 |b DUT |c Book |d 004.678 HA-H |e available |t Error 5001 Not defined in file expand_doc_bib_avail. |f 1 |g 0 |h N |i 0 |j SH |k 1 | ||
| 999 | |a From the UDN01 | ||
| AVA | |a UDN50 |b DUT |c Book |d 004.678 HA-H |e available |t Error 5001 Not defined in file expand_doc_bib_avail. |f 1 |g 0 |h N |i 0 |j SH |k 1 | ||
| TYP | |a Monograph | ||
| TYP | |a Printed language | ||
| 980 | |a Mạng thư viện Đại học Đà Nẵng | ||